000 00660nam a2200193Ia 4500
008 090124s9999 xx 000 0 und d
082 _b130164
100 _aचेस जेम्स हॅडले
245 _a सो व्हॉट हॅपन्स टू मी ?
250 _a1
260 _c2001
300 _a192
600 _aचेस जेम्स हॅडले
630 _a सो व्हॉट हॅपन्स टू मी ?
700 _aडावखरे अरुण
700 _aचेस जेम्स हॅडले
730 _a सो व्हॉट हॅपन्स टू मी ?
942 _cBOOK
999 _c176253
_d176253